[Event "Capablanca Memorial op 49th"]
[Site "Havana"]
[Date "2014.05.10"]
[Round "3"]
[White "Ordunez Echarte, Dennys"]
[Black "Diaz Perez, Michel Alejandro"]
[Result "1-0"]
[WhiteElo "2341"]
[BlackElo "2250"]
[PlyCount "139"]
[EventDate "2014.04.08"]
[EventType "swiss"]
[EventRounds "10"]
[EventCountry "CUB"]
[SourceTitle "CBM 160 Extra"]
[Source "ChessBase"]
[SourceDate "2014.07.01"]
[SourceVersion "1"]
[SourceVersionDate "2014.07.01"]
[SourceQuality "1"]

1. e4 c5 2. Nf3 Nc6 3. Bb5 Nf6 4. e5 Nd5 5. Nc3 Nc7 6. a4 Nxb5 7. axb5 Nd4 8. 0-0 d6 9. h3 Bf5 10. d3 e6 11. Be3 dxe5 12. Nxe5 Bd6 13. Nc4 Bc7 14. Ne4 b6 15. Bxd4 Qxd4 16. Ra4 Qd7 17. Qf3 0-0 18. Nc3 a5 19. Re1 Rad8 20. Qc6 Rfe8 21. Ra3 e5 22. Qxd7 Rxd7 23. f4 f6 24. fxe5 fxe5 25. Raa1 Rdd8 26. Re2 Kf7 27. Rf1 Kg6 28. Re3 e4 29. dxe4 Be6 30. Nd5 Bb8 31. Ndxb6 Rd4 32. b3 a4 33. e5 axb3 34. cxb3 Bc7 35. Rc1 Rb8 36. Na4 Rxb5 37. Nd6 Rxb3 38. Rxb3 Bxb3 39. Nxc5 Bb6 40. Kh2 Bd5 41. Nd7 Ba7 42. Nc8 Be4 43. Nf8+ Kf7 44. Rf1+ Ke8 45. Ne6 Rd2 46. Nd6+ Rxd6 47. exd6 Kd7 48. Rf7+ Kxd6 49. Ng5 Bb8 50. Rf8 Bc7 51. Rg8 Kd5+ 52. Kh1 h6 53. Nxe4 Kxe4 54. Rxg7 Bf4 55. g3 Bg5 56. Kg2 Kf5 57. Kf3 Bd2 58. Rb7 Bc1 59. Rb5+ Kg6 60. Kg4 Be3 61. Re5 Bd2 62. Re6+ Kf7 63. Kf5 Bc1 64. Rc6 Be3 65. Rc7+ Kf8 66. Kg6 Bd2 67. Rh7 Be1 68. g4 Bd2 69. Rxh6 Bxh6 70. Kxh6 1-0

[Event "Capablanca Memorial op-A 48th"]
[Site "Havana"]
[Date "2013.04.29"]
[Round "8"]
[White "Perez Garcia, Rodney Oscar"]
[Black "Ordunez Echarte, Dennys"]
[Result "1/2-1/2"]
[WhiteElo "2385"]
[BlackElo "2306"]
[PlyCount "21"]
[EventDate "2013.04.21"]
[EventType "swiss"]
[EventRounds "10"]
[EventCountry "CUB"]
[SourceTitle "CBM 154 Extra"]
[Source "ChessBase"]
[SourceDate "2013.06.25"]
[SourceVersion "2"]
[SourceVersionDate "2013.06.25"]
[SourceQuality "1"]

1. e4 d6 2. d4 Nf6 3. Nc3 g6 4. Nf3 Bg7 5. Be2 0-0 6. 0-0 Nc6 7. Be3 Bg4 8. Qd2 e5 9. d5 Ne7 10. Rad1 Kh8 11. Ng5 1/2-1/2

[Event "Capablanca Memorial op-A 48th"]
[Site "Havana"]
[Date "2013.04.21"]
[Round "1"]
[White "Ordunez Echarte, Dennys"]
[Black "Hevia Alejano, Carlos Antonio"]
[Result "0-1"]
[WhiteElo "2306"]
[BlackElo "2515"]
[PlyCount "60"]
[EventDate "2013.04.21"]
[EventType "swiss"]
[EventRounds "10"]
[EventCountry "CUB"]
[SourceTitle "CBM 154 Extra"]
[Source "ChessBase"]
[SourceDate "2013.06.25"]
[SourceVersion "2"]
[SourceVersionDate "2013.06.25"]
[SourceQuality "1"]

1. e4 c5 2. Nf3 e6 3. b3 b6 4. Bb2 Bb7 5. d3 d6 6. g3 Nf6 7. Bg2 Be7 8. 0-0 0-0 9. Nbd2 Nc6 10. Re1 Nd7 11. d4 cxd4 12. Nxd4 Nxd4 13. Bxd4 Qc7 14. c4 Bf6 15. Nf3 Rfd8 16. Rc1 Rac8 17. Bxf6 Nxf6 18. Nd4 a6 19. h3 Qb8 20. Qe2 Rc5 21. Rc3 b5 22. Re3 bxc4 23. bxc4 Qc7 24. Rc1 Rc8 25. Rec3 d5 26. exd5 Bxd5 27. Bxd5 exd5 28. Nf5 Re8 29. Qd3 Qe5 30. Qf3 d4 0-1

[Event "Capablanca Memorial op-B 45th"]
[Site "Havana"]
[Date "2011.05.15"]
[Round "5"]
[White "Lopez Gonzalez, Abel Fabian"]
[Black "Ordunez Echarte, Dennys"]
[Result "0-1"]
[WhiteElo "2049"]
[BlackElo "2195"]
[PlyCount "46"]
[EventDate "2011.05.11"]
[EventType "swiss"]
[EventRounds "7"]
[EventCountry "CUB"]
[SourceTitle "CBM 142 Extra"]
[Source "ChessBase"]
[SourceDate "2011.06.27"]
[SourceVersion "1"]
[SourceVersionDate "2011.06.27"]
[SourceQuality "1"]

1. e4 d6 2. d4 Nf6 3. Nc3 g6 4. f4 Bg7 5. Nf3 0-0 6. Bd3 Nc6 7. d5 Nb4 8. Bc4 c6 9. 0-0 cxd5 10. Bxd5 Nfxd5 11. Nxd5 Nxd5 12. exd5 Qb6+ 13. Kh1 e6 14. Ng5 h6 15. Ne4 exd5 16. Qxd5 Re8 17. Ng3 Be6 18. Qf3 Bc4 19. Rd1 h5 20. f5 h4 21. Ne4 d5 22. Nc3 Be5 23. fxg6 fxg6 0-1

[Event "Capablanca Memorial op-B 45th"]
[Site "Havana"]
[Date "2011.05.14"]
[Round "4"]
[White "Ordunez Echarte, Dennys"]
[Black "Varela la Madrid, Tilsia Carolin"]
[Result "1-0"]
[WhiteElo "2195"]
[BlackElo "2044"]
[PlyCount "43"]
[EventDate "2011.05.11"]
[EventType "swiss"]
[EventRounds "7"]
[EventCountry "CUB"]
[SourceTitle "CBM 142 Extra"]
[Source "ChessBase"]
[SourceDate "2011.06.27"]
[SourceVersion "1"]
[SourceVersionDate "2011.06.27"]
[SourceQuality "1"]

1. e4 e5 2. Nf3 Nc6 3. Bc4 Nf6 4. d3 Be7 5. 0-0 d6 6. a4 0-0 7. Re1 Bg4 8. Nbd2 Qd7 9. h3 Be6 10. a5 a6 11. c3 h6 12. Qb3 Nh7 13. d4 Bxc4 14. Nxc4 exd4 15. cxd4 Ng5 16. Bxg5 Bxg5 17. Rad1 Rfe8 18. d5 Ne7 19. e5 Qb5 20. Qa2 dxe5 21. Nfxe5 Nxd5 22. Na3 1-0

[Event "Capablanca Memorial op 45th"]
[Site "Havana"]
[Date "2010.06.16"]
[Round "6"]
[White "Boada, Winston"]
[Black "Ordunez Echarte, Dennys"]
[Result "1-0"]
[WhiteElo "2266"]
[BlackElo "2322"]
[PlyCount "97"]
[EventDate "2010.06.10"]
[EventType "swiss"]
[EventRounds "10"]
[EventCountry "CUB"]
[SourceTitle "CBM 137 Extra"]
[Source "ChessBase"]
[SourceDate "2010.09.01"]
[SourceVersion "1"]
[SourceVersionDate "2010.09.01"]
[SourceQuality "1"]

1. d4 Nf6 2. c4 e6 3. Nf3 b6 4. g3 Ba6 5. Qc2 Bb7 6. Bg2 c5 7. d5 exd5 8. cxd5 d6 9. Nc3 Be7 10. e4 0-0 11. 0-0 Nbd7 12. Bf4 a6 13. a4 Ng4 14. h3 Nge5 15. Nd2 Ng6 16. Be3 Rc8 17. Nc4 Nde5 18. b3 Bf6 19. Rab1 Re8 20. Rfe1 h5 21. f4 Nxc4 22. bxc4 h4 23. e5 dxe5 24. f5 Nf8 25. g4 e4 26. Nxe4 Nd7 27. g5 Be5 28. Qf2 b5 29. axb5 Nb6 30. g6 Nxc4 31. gxf7+ Kxf7 32. Ng5+ Qxg5 33. Bxg5 Bd4 34. Bxh4 axb5 35. Rxe8 Rxe8 36. Rxb5 Ba6 37. Rxc5 Re1+ 38. Kh2 Bxf2 39. Bxf2 Re2 40. Kg3 Nd6 41. Rc7+ Kg8 42. f6 gxf6 43. Rc6 Nf5+ 44. Kf3 Ra2 45. Rxf6 Ra3+ 46. Kf4 Bc8 47. Bc5 Ra4+ 48. Be4 Kg7 49. Rxf5 1-0

[Event "Capablanca Memorial op 45th"]
[Site "Havana"]
[Date "2010.06.14"]
[Round "5"]
[White "Ordunez Echarte, Dennys"]
[Black "Bacallao Alonso, Yusnel"]
[Result "0-1"]
[WhiteElo "2322"]
[BlackElo "2500"]
[PlyCount "94"]
[EventDate "2010.06.10"]
[EventType "swiss"]
[EventRounds "10"]
[EventCountry "CUB"]
[SourceTitle "CBM 137 Extra"]
[Source "ChessBase"]
[SourceDate "2010.09.01"]
[SourceVersion "1"]
[SourceVersionDate "2010.09.01"]
[SourceQuality "1"]

1. e4 c5 2. Nf3 d6 3. Bb5+ Nd7 4. 0-0 Ngf6 5. Re1 a6 6. Bxd7+ Nxd7 7. b3 e5 8. c3 Be7 9. d4 b5 10. Bb2 0-0 11. Nbd2 Bb7 12. dxe5 Nxe5 13. Nxe5 dxe5 14. c4 f6 15. Qe2 Qa5 16. Nb1 bxc4 17. Qxc4+ Rf7 18. Nc3 Rd8 19. Rad1 Rd4 20. Qe6 Bf8 21. f3 c4 22. Na4 Rxd1 23. Rxd1 cxb3 24. axb3 Qc7 25. h3 Qc6 26. Qxc6 Bxc6 27. Rd8 Rd7 28. Rxd7 Bxd7 29. Kf2 Be6 30. Bc3 Bxb3 31. Nb2 Kf7 32. g3 Ke6 33. Nd3 Bc4 34. Ke3 Bd6 35. h4 Kd7 36. g4 Kc6 37. g5 Kb5 38. gxf6 gxf6 39. f4 Bxd3 40. Kxd3 h5 41. fxe5 Bxe5 42. Be1 a5 43. Bxa5 Kxa5 44. Kc4 Kb6 45. Kd5 Kb5 46. Ke6 Kc4 47. Kf5 Kd4 0-1

[Event "Havana Portela Memorial"]
[Site "Havana"]
[Date "2010.03.11"]
[Round "8"]
[White "Mendez Fortes, Eduardo Jesus"]
[Black "Ordunez Echarte, Dennys"]
[Result "1-0"]
[WhiteElo "2310"]
[BlackElo "2326"]
[PlyCount "85"]
[EventDate "2010.03.03"]
[EventType "tourn"]
[EventRounds "11"]
[EventCountry "CUB"]
[EventCategory "4"]
[SourceTitle "EXT 2019"]
[Source "ChessBase"]
[SourceDate "2018.10.10"]
[SourceVersion "1"]
[SourceVersionDate "2018.10.10"]
[SourceQuality "1"]

1. e4 c5 2. Nf3 Nc6 3. d4 cxd4 4. Nxd4 g6 5. c4 Bg7 6. Be3 Nf6 7. Nc3 0-0 8. Be2 b6 9. 0-0 Bb7 10. Ndb5 d6 11. Rc1 a6 12. Na3 Nd7 13. Qd2 Nc5 14. f3 e5 15. Rfd1 Nd4 16. Bf1 f5 17. exf5 Rxf5 18. Nd5 Rh5 19. Nc2 Nce6 20. Qf2 b5 21. b3 a5 22. Re1 Bh6 23. Bxh6 Rxh6 24. Nce3 Bxd5 25. cxd5 Nf4 26. Ng4 Rh5 27. Red1 Qg5 28. Rc7 Nxd5 29. Rd7 Nf6 30. Nxf6+ Qxf6 31. a4 Qf4 32. h3 Rg5 33. Kh1 bxa4 34. bxa4 Nf5 35. Rb1 Rf8 36. Rbb7 Rh5 37. g4 Ng3+ 38. Kg2 Ne4 39. gxh5 Qg5+ 40. Kh2 Qf4+ 41. Kg1 Qg5+ 42. Qg2 Qe3+ 43. Kh1 1-0

[Event "Havana Portela Memorial"]
[Site "Havana"]
[Date "2010.03.07"]
[Round "5"]
[White "Ordunez Echarte, Dennys"]
[Black "Larrua Gonzalez, Fernando Oscar"]
[Result "1-0"]
[WhiteElo "2326"]
[BlackElo "2330"]
[PlyCount "55"]
[EventDate "2010.03.03"]
[EventType "tourn"]
[EventRounds "11"]
[EventCountry "CUB"]
[EventCategory "4"]
[SourceTitle "EXT 2019"]
[Source "ChessBase"]
[SourceDate "2018.10.10"]
[SourceVersion "1"]
[SourceVersionDate "2018.10.10"]
[SourceQuality "1"]

1. e4 c5 2. Nf3 Nc6 3. Bb5 e6 4. 0-0 Nge7 5. c3 Ng6 6. d4 cxd4 7. cxd4 d5 8. Nc3 dxe4 9. Nxe4 Be7 10. Re1 0-0 11. Bg5 f6 12. Bxc6 bxc6 13. Bd2 Rb8 14. b3 Qd5 15. Qe2 c5 16. dxc5 Bxc5 17. Rad1 Be7 18. Bb4 Qb7 19. Bd6 f5 20. Nc5 Qc6 21. Ne5 Nxe5 22. Bxe7 Ng6 23. Bxf8 Nxf8 24. Qc4 a5 25. Rd8 Rb4 26. Qc3 Rb6 27. Qxa5 Rb5 28. Rxc8 1-0

[Event "Havana Provincial-ch final"]
[Site "Havana"]
[Date "2009.11.02"]
[Round "14"]
[White "Larrua Gonzalez, Fernando Oscar"]
[Black "Ordunez Echarte, Dennys"]
[Result "1/2-1/2"]
[WhiteElo "2255"]
[BlackElo "2299"]
[PlyCount "101"]
[EventDate "2009.10.16"]
[EventType "tourn"]
[EventRounds "17"]
[EventCountry "CUB"]
[SourceTitle "CBM 133 Extra"]
[Source "ChessBase"]
[SourceDate "2010.01.05"]
[SourceVersion "1"]
[SourceVersionDate "2010.01.05"]
[SourceQuality "1"]

1. e4 d6 2. d4 Nf6 3. Nc3 g6 4. h3 Bg7 5. Nf3 0-0 6. Be3 c6 7. a4 a5 8. Qd2 Na6 9. Be2 Nb4 10. Rd1 d5 11. e5 Nd7 12. 0-0 f6 13. exf6 exf6 14. Bh6 Nb6 15. Bxg7 Kxg7 16. b3 Bf5 17. Ne1 Nc8 18. Bd3 Nd6 19. Bxf5 Nxf5 20. Nd3 Nxd3 21. Qxd3 Re8 22. Ne2 Re4 23. Ng3 Nxg3 24. Qxg3 Qb6 25. Rfe1 Rae8 26. Rxe4 Rxe4 27. Qc3 f5 28. f3 Re6 29. Kf1 Qa6+ 30. Qd3 Qxd3+ 31. Rxd3 f4 32. Rd2 Kf6 33. Re2 b5 34. Rxe6+ Kxe6 35. c3 bxa4 36. bxa4 c5 37. Kg1 c4 38. Kf1 Kf5 39. Kg1 Kg5 40. Kf1 Kh4 41. Kf2 h6 42. Kg1 Kg3 43. Kf1 h5 44. Kg1 g5 45. Kf1 Kh4 46. Kg1 g4 47. hxg4 hxg4 48. fxg4 Kxg4 49. Kf2 Kg5 50. Ke2 Kg4 51. Kf2 1/2-1/2

[Event "Havana Provincial-ch final"]
[Site "Havana"]
[Date "2009.10.28"]
[Round "10"]
[White "Ramon Pita, Vivian"]
[Black "Ordunez Echarte, Dennys"]
[Result "1-0"]
[WhiteElo "2233"]
[BlackElo "2299"]
[PlyCount "63"]
[EventDate "2009.10.16"]
[EventType "tourn"]
[EventRounds "17"]
[EventCountry "CUB"]
[SourceTitle "CBM 133 Extra"]
[Source "ChessBase"]
[SourceDate "2010.01.05"]
[SourceVersion "1"]
[SourceVersionDate "2010.01.05"]
[SourceQuality "1"]

1. d4 Nf6 2. Nf3 b6 3. e3 e6 4. Nbd2 Bb7 5. Bd3 c5 6. 0-0 Nc6 7. c3 d5 8. Ne5 Nxe5 9. dxe5 Nd7 10. f4 Qc7 11. c4 0-0-0 12. cxd5 exd5 13. b3 Kb8 14. Bb2 f6 15. e6 c4 16. Bf5 Nc5 17. b4 Ne4 18. Nxe4 dxe4 19. Qe1 Be7 20. Bg4 h5 21. Be2 g6 22. f5 g5 23. Rc1 Bd5 24. Bd4 Rc8 25. Qc3 Rh6 26. Rf2 g4 27. Rcf1 g3 28. Rf4 gxh2+ 29. Kh1 h4 30. Rg4 h3 31. g3 Qd6 32. a3 1-0

[Event "Havana Provincial-ch final"]
[Site "Havana"]
[Date "2009.10.20"]
[Round "3"]
[White "Ordunez Echarte, Dennys"]
[Black "Martinez Cabrera, Pastor"]
[Result "1-0"]
[WhiteElo "2299"]
[BlackElo "2139"]
[PlyCount "71"]
[EventDate "2009.10.16"]
[EventType "tourn"]
[EventRounds "17"]
[EventCountry "CUB"]
[SourceTitle "CBM 133 Extra"]
[Source "ChessBase"]
[SourceDate "2010.01.05"]
[SourceVersion "1"]
[SourceVersionDate "2010.01.05"]
[SourceQuality "1"]

1. e4 c5 2. Nf3 d6 3. Bb5+ Bd7 4. Bxd7+ Qxd7 5. 0-0 Nf6 6. Re1 Nc6 7. c3 e6 8. d4 cxd4 9. cxd4 d5 10. e5 Ne4 11. Nbd2 Nxd2 12. Bxd2 Be7 13. Rc1 0-0 14. Rc3 Rfc8 15. a3 b5 16. Rd3 Qd8 17. h4 Bxh4 18. g4 Be7 19. Kg2 b4 20. Rh1 Nb8 21. Qg1 Nd7 22. Qh2 Nf8 23. Ne1 Qb6 24. Qh5 bxa3 25. bxa3 Rc4 26. Nf3 f6 27. exf6 Bxf6 28. Bb4 Ng6 29. Bd2 Nf8 30. Bf4 Rac8 31. Ne5 Bxe5 32. Bxe5 Qb7 33. Rf3 Qe7 34. Rhh3 h6 35. Bd6 g6 36. Qxh6 1-0

[Event "Havana Provincial-ch final"]
[Site "Havana"]
[Date "2009.10.19"]
[Round "2"]
[White "Aguero Jimenez, Luis Lazaro"]
[Black "Ordunez Echarte, Dennys"]
[Result "1-0"]
[WhiteElo "2400"]
[BlackElo "2299"]
[PlyCount "85"]
[EventDate "2009.10.16"]
[EventType "tourn"]
[EventRounds "17"]
[EventCountry "CUB"]
[SourceTitle "CBM 133 Extra"]
[Source "ChessBase"]
[SourceDate "2010.01.05"]
[SourceVersion "1"]
[SourceVersionDate "2010.01.05"]
[SourceQuality "1"]

1. e4 d6 2. d4 Nf6 3. Nc3 g6 4. h3 Bg7 5. Nf3 0-0 6. Be3 c6 7. a4 Nbd7 8. a5 e5 9. dxe5 dxe5 10. Qd6 Ne8 11. Qa3 Nc7 12. Rd1 Ne6 13. Bc4 Re8 14. 0-0 Bf8 15. b4 Qe7 16. Rb1 Rb8 17. Bxa7 Ra8 18. Be3 b6 19. Qa2 bxa5 20. bxa5 Qa3 21. Qxa3 Bxa3 22. Bb6 Bc5 23. Rfd1 Nd4 24. Nxd4 exd4 25. Bxc5 Nxc5 26. Rxd4 Rxa5 27. f3 Ne6 28. Rd6 Rc5 29. Rb4 Nf4 30. Kh2 Be6 31. Bxe6 Rxe6 32. Rd8+ Kg7 33. Rb3 g5 34. Rd2 Ree5 35. Nd1 h5 36. Ne3 Re6 37. Nf5+ Kh7 38. Rb7 Rf6 39. Nd6 Kg6 40. c4 Ne2 41. Ne8 Re6 42. Nc7 Nf4 43. g3 1-0

[Event "Capablanca Memorial op 44th"]
[Site "Havana"]
[Date "2009.06.14"]
[Round "6"]
[White "Ordunez Echarte, Dennys"]
[Black "Borges Feria, Yasel"]
[Result "1/2-1/2"]
[WhiteElo "2270"]
[BlackElo "2400"]
[PlyCount "58"]
[EventDate "2009.06.08"]
[EventType "swiss"]
[EventRounds "10"]
[EventCountry "CUB"]
[SourceTitle "CBM 130 Extra"]
[Source "ChessBase"]
[SourceDate "2009.07.02"]
[SourceVersion "2"]
[SourceVersionDate "2009.07.15"]
[SourceQuality "1"]

1. e4 c5 2. Nf3 d6 3. Bb5+ Nd7 4. 0-0 a6 5. Bxd7+ Bxd7 6. b3 Nf6 7. e5 dxe5 8. Nxe5 Be6 9. Bb2 g6 10. d3 Bg7 11. Nd2 0-0 12. a4 Qc7 13. Re1 b6 14. Ndc4 Rad8 15. Qe2 Bd5 16. a5 b5 17. Nb6 Bb7 18. c4 b4 19. Rad1 Nh5 20. Qe3 f6 21. Ned7 Qc6 22. Qe6+ Qxe6 23. Rxe6 Nf4 24. Rxe7 Bxg2 25. Nxf8 Bxf8 26. Re3 Kf7 27. d4 Bh3 28. d5 Bd6 29. Na4 Bf5 1/2-1/2

[Event "Capablanca Memorial op 44th"]
[Site "Havana"]
[Date "2009.06.11"]
[Round "4"]
[White "Ordunez Echarte, Dennys"]
[Black "Garcia Fuentes, Sergio Miguel"]
[Result "1-0"]
[WhiteElo "2270"]
[BlackElo "2190"]
[PlyCount "93"]
[EventDate "2009.06.08"]
[EventType "swiss"]
[EventRounds "10"]
[EventCountry "CUB"]
[SourceTitle "CBM 130 Extra"]
[Source "ChessBase"]
[SourceDate "2009.07.02"]
[SourceVersion "2"]
[SourceVersionDate "2009.07.15"]
[SourceQuality "1"]

1. e4 c5 2. Nf3 e6 3. Qe2 b6 4. g3 Bb7 5. Bg2 d6 6. 0-0 Nd7 7. d4 cxd4 8. Nxd4 Ngf6 9. Rd1 e5 10. Nf5 Qc7 11. Nc3 a6 12. Qd3 b5 13. a3 Nc5 14. Nxd6+ Bxd6 15. Qxd6 Qxd6 16. Rxd6 Nfxe4 17. Nxe4 Nxe4 18. Rb6 Bd5 19. a4 0-0 20. axb5 axb5 21. Rxa8 Rxa8 22. Rxb5 Bc6 23. Rb6 f5 24. Rxc6 Ra1 25. Bxe4 Rxc1+ 26. Kg2 fxe4 27. b4 Rb1 28. Rc4 Rb2 29. Kf1 Kf7 30. Ke2 Ke6 31. Ke3 Kd5 32. Rc5+ Kd6 33. c3 Rc2 34. c4 Rb2 35. Rd5+ Ke6 36. b5 h5 37. Kxe4 Re2+ 38. Kf3 Rc2 39. b6 Rxc4 40. Rb5 Rc8 41. b7 Rb8 42. Ke4 Kd6 43. h4 g6 44. Rb6+ Kc5 45. Rxg6 Rxb7 46. Kxe5 Re7+ 47. Kf5 1-0